| 000 | 00503nam a22001697a 4500 | ||
|---|---|---|---|
| 003 | OSt | ||
| 005 | 20120302144110.0 | ||
| 008 | 090227t xxu||||| |||| 00| 0 eng d | ||
| 035 | _a६०२ | ||
| 040 | _cमराठी | ||
| 100 |
_aकिणीकर, रॉय _91306 |
||
| 245 | _aत्या तिथें पलिकडे | ||
| 250 | _a१ ली | ||
| 260 |
_aअमरावती _bनागविदर्भ _c१९५९ |
||
| 300 | _b१९१ पाने | ||
| 942 |
_2ddc _cBOOK |
||
| 999 |
_c486533 _d486530 |
||